Una nueva técnica para la enseñanza de la matemática /
Guardado en:
| Autor Principal: | |
|---|---|
| Formato: | Libro |
| Publicado: |
Buenos Aires :
Paid¢s,
1968
|
| Materias: | |
| Etiquetas: |
Agregar Etiqueta
Sin Etiquetas, Sea el primero en etiquetar este registro!
|
| LEADER | 00572nam a22001935a 4500 | ||
|---|---|---|---|
| 001 | CEM.cems002095 | ||
| 005 | 20060215000000.0 | ||
| 008 | 130507s1968##################000#0#####d | ||
| 003 | CEMS | ||
| 082 | 0 | 4 | |a 372.7 |
| 100 | 1 | |a Dillon, Sonia G. L. de | |
| 245 | 1 | 0 | |a Una nueva técnica para la enseñanza de la matemática / |
| 260 | |a Buenos Aires : |b Paid¢s, |c 1968 | ||
| 300 | |a 87 p. | ||
| 653 | |a Didactica de la matematica | ||
| 653 | |a Educacion | ||
| 653 | |a Educacion primaria | ||
| 653 | |a Matematica-enseñanza | ||
| 859 | |a CEMS |b BIB. CEMS - 11 de abril |h 372.7 |i D34 |p 2022.74 |t Ej.1 | ||
